RAINBOW TOEIC Tập 7
Na minha lista:
| Autor principal: | |
|---|---|
| Formato: | Livro |
| Idioma: | English |
| Publicado em: |
TP.HCM
2008
|
| Assuntos: | |
| Tags: |
Adicionar Tag
Sem tags, seja o primeiro a adicionar uma tag!
|
| Thư viện lưu trữ: | Mạng thư viện Đại học Đà Nẵng |
|---|
| LEADER | 00815nam a22002531a 4500 | ||
|---|---|---|---|
| 001 | 000034065 | ||
| 003 | 10257 | ||
| 005 | 20151027131604.0 | ||
| 008 | 151027s2008 000 eng | ||
| 041 | |a eng | ||
| 082 | |a 420.8 |b CH-M |2 Tập 7 | ||
| 100 | |a Choi Jong Min | ||
| 245 | |a RAINBOW TOEIC |c Choi Jong Min |n Tập 7 | ||
| 260 | |a TP.HCM |c 2008 | ||
| 300 | |a 199p. : ill ; 30cm | ||
| 650 | |a RAINBOW TOEIC, TOEIC | ||
| OWN | |a LNN | ||
| AVA | |a UDN50 |b LNN |d 420.8 CH-M |e available |t Error 5001 Not defined in file expand_doc_bib_avail. |f 2 |g 0 |h N |i 0 |k 1 | ||
| 999 | |a From the UDN01 | ||
| AVA | |a UDN50 |b LNN |d 420.8 CH-M |e available |t Error 5001 Not defined in file expand_doc_bib_avail. |f 2 |g 0 |h N |i 0 |k 1 | ||
| TYP | |a Monograph | ||
| 980 | |a Mạng thư viện Đại học Đà Nẵng | ||